Przeciwieństwa po angielsku - Statystyki

Ogólne statystyki
  • Ten quiz został rozwiązany 81 razy
    64 od ostatniego zresetowania
  • Średni wynik to 24 z 30
Statystyki odpowiedzi
Słowo Przeciwieństwo % Poprawnych
Yes No
100%
Big/Large Small/Little
96%
Good Bad
95%
Right Left/Wrong
95%
Long Short
95%
Fast Slow
95%
Hot Cold
93%
Up Down
91%
Day Night
91%
In Out
91%
Positive Negative
88%
Inside Outside
88%
Happy Sad
88%
Rich Poor
86%
Legal Illegal
84%
Alive Dead
82%
Light Heavy/Dark
81%
High Low
81%
Interesting Boring
77%
Expensive Cheap
77%
Smart Dumb/Stupid
77%
Optimist Pessimist
77%
Dry Wet
77%
Comfortable Uncomfortable
75%
Safe Dangerous
67%
Appear Disappear
58%
Come Go
58%
Independent Dependent
54%
Appropriate Inappropriate
33%
Proud Disappointed
18%
Nie znaleziono quizów pasujących do podanych kryteriów
Rozkład punktacji
Procent ludzi z każdym wynikiem
Percentyl według liczby udzielonych odpowiedzi
Twoja historia wyników
Nie rozwiązałeś tego quizu od ostatniego zresetowania